52 Children's sermons. (Record no. 12269)

000 -LEADER
fixed length control field 00533nam a2200181 a 4500
001 - CONTROL NUMBER
control field :::00010071$&:&@@
003 - CONTROL NUMBER IDENTIFIER
control field OkBaRHE
005 - DATE AND TIME OF LATEST TRANSACTION
control field 20000607103355.0
008 - FIXED-LENGTH DATA ELEMENTS--GENERAL INFORMATION
fixed length control field s1988 j 000 0 eng u
040 ## - CATALOGING SOURCE
Transcribing agency
100 1# - MAIN ENTRY--PERSONAL NAME
Personal name Castle, Leon W.
245 10 - TITLE STATEMENT
Title 52 Children's sermons.
260 ## - PUBLICATION, DISTRIBUTION, ETC. (IMPRINT)
Place of publication, distribution, etc Nashville, TN., :
Name of publisher, distributor, etc Broadman Press
Date of publication, distribution, etc 1988
300 ## - PHYSICAL DESCRIPTION
Extent 112 p. ;
Dimensions : 21 cm.
650 ## - SUBJECT ADDED ENTRY--TOPICAL TERM
Topical term or geographic name as entry element Children's Sermons
942 ## - ADDED ENTRY ELEMENTS (KOHA)
Source of classification or shelving scheme
Koha item type Books
Copies
Lost status Price effective from Date acquired Damaged status Full call number Date last seen Permanent Location Barcode Not for loan Koha item type Shelving location Copy number Withdrawn status Source of classification or shelving scheme
 2010-04-142010-04-14 BV 4315 .C3182010-04-14RHEMA Bible Training College10071 BooksGeneral Stacks1